000 00263nam a22001217a 4500
008 170811b xxu||||| |||| 00| 0 eng d
041 _aeng
080 _22ND
_a51
100 _a36
101 _aMAT
245 _aPLANE TRIGONOMETRY
_cCORLISS,J.J
942 _2udc
_cBK
999 _c23217
_d23217